| 000 | 00458cam a2200169ua 4500 | ||
|---|---|---|---|
| 020 | _c37.60 | ||
| 041 |
_aeng _h |
||
| 082 |
_a519.5 _bWOL/FU |
||
| 100 | _aWolfenden, Hugh H . | ||
| 245 |
_aFundamental principles of mathematical statistics / _cHugh H Wolfenden. _hTextual Documents |
||
| 260 |
_aNew York : _bThe Acturial society of America , _c1942. |
||
| 300 | _a379 ; . | ||
| 365 | _a37.60 | ||
| 504 | _a | ||
| 942 | _cBK | ||
| 999 |
_c9985 _d9985 |
||